[Event "Helmond Rapid op"]
[Site "Helmond"]
[Date "2023.06.10"]
[Round "5"]
[White "Sutmuller, Jos"]
[Black "Damen, Josephine"]
[Result "1-0"]
[WhiteElo "2122"]
[BlackElo "1592"]
[PlyCount "115"]
[EventDate "2023.06.10"]
[EventType "swiss (rapid)"]
[EventRounds "9"]
[EventCountry "NED"]
[SourceTitle "CBM 214 Extra"]
[Source "ChessBase"]
[SourceDate "2023.07.31"]
[SourceVersion "1"]
[SourceVersionDate "2023.07.31"]
[SourceQuality "1"]

1. d4 Nf6 2. c4 g6 3. Nc3 Bg7 4. e4 d6 5. Be2 0-0 6. Bg5 Na6 7. Qd2 e5 8. d5 Nc5 9. f3 a5 10. Bd1 Qe8 11. Nge2 Nfd7 12. Nb5 f6 13. Be3 Qd8 14. Bc2 f5 15. Nec3 f4 16. Bf2 b6 17. 0-0-0 Nb8 18. b3 Nba6 19. a3 Bd7 20. Kb2 Rf7 21. Rb1 Be8 22. Kc1 Qg5 23. g4 Qd8 24. h4 h6 25. Kd1 Nd7 26. Ke2 Nac5 27. h5 g5 28. b4 axb4 29. axb4 Nb7 30. Ra1 Nf6 31. Bd3 Bh8 32. Qb2 Re7 33. Rxa8 Qc8 34. Rb8 Qxb8 35. Ra1 Qc8 36. Qa3 Bf7 37. Na7 Qe8 38. Nc6 Rd7 39. Qa7 Nd8 40. c5 Nxc6 41. dxc6 Re7 42. cxb6 cxb6 43. Qxb6 Be6 44. c7 Qf7 45. Ra8+ Re8 46. Qc6 Rxa8 47. Qxa8+ Qe8 48. Qxe8+ Nxe8 49. Bb6 Bc8 50. b5 Kf7 51. Bc4+ Ke7 52. Bd5 Nf6 53. Bc6 Nd7 54. Nd5+ Ke6 55. Ba5 Nc5 56. Nb6 Nb7 57. Bd5+ Ke7 58. Nxc8+ 1-0

[Event "NED-ch U14 Girls"]
[Site "Almelo"]
[Date "2022.05.05"]
[Round "5"]
[White "Damen, Josephine"]
[Black "Roebers, Bregje"]
[Result "1-0"]
[WhiteElo "1600"]
[BlackElo "1214"]
[PlyCount "81"]
[EventDate "2022.05.01"]
[EventType "swiss"]
[EventRounds "9"]
[EventCountry "NED"]
[SourceTitle "EXT 2023"]
[Source "ChessBase"]
[SourceDate "2022.10.05"]
[SourceVersion "1"]
[SourceVersionDate "2022.10.05"]
[SourceQuality "1"]

1. e4 e5 2. Nf3 d5 3. exd5 e4 4. Qe2 Qe7 5. Nd4 Nf6 6. Nc3 Qe5 7. Nb3 Bd6 8. d3 exd3 9. cxd3 0-0 10. Qxe5 Bxe5 11. d4 Bd6 12. Bg5 Bb4 13. Bxf6 Bxc3+ 14. bxc3 gxf6 15. Kd2 Nd7 16. Re1 Nb6 17. c4 c6 18. dxc6 bxc6 19. Bd3 Be6 20. c5 Bxb3 21. axb3 Nd5 22. Re4 h6 23. g4 Rab8 24. Bc4 a5 25. Ra1 Ra8 26. Bxd5 cxd5 27. Rf4 Kg7 28. Rf5 Rfd8 29. Kc3 Ra7 30. h3 Rdd7 31. Kd3 Rdb7 32. Ra3 Rd7 33. f4 Ra8 34. b4 a4 35. b5 Rdd8 36. b6 Ra5 37. Kc3 Rb5 38. Rxa4 Rb1 39. Rb4 Re1 40. Rb3 Ree8 41. b7 1-0

[Event "NED-ch U14 Girls"]
[Site "Almelo"]
[Date "2021.08.02"]
[Round "2"]
[White "Jorritsma, Eli Alia"]
[Black "Damen, Josephine"]
[Result "0-1"]
[WhiteElo "1050"]
[BlackElo "1343"]
[PlyCount "54"]
[EventDate "2021.08.01"]
[EventType "swiss"]
[EventRounds "6"]
[EventCountry "NED"]
[SourceTitle "EXT 2022"]
[Source "ChessBase"]
[SourceDate "2021.10.06"]
[SourceVersion "1"]
[SourceVersionDate "2021.10.06"]
[SourceQuality "1"]

1. Nf3 d5 2. b3 Bf5 3. Bb2 e6 4. e3 Nf6 5. d4 Nc6 6. Bb5 Bd6 7. c4 Bb4+ 8. Nbd2 Ne4 9. Rc1 Bg4 10. Rc2 Bxd2+ 11. Rxd2 Nxd2 12. Qxd2 Bxf3 13. gxf3 0-0 14. c5 Qf6 15. Ke2 Qh4 16. Bd3 f5 17. Qc2 Nb4 18. Qc3 Nxd3 19. Qxd3 c6 20. Qc3 Rf7 21. a4 Raf8 22. f4 Qg4+ 23. Kf1 Rf6 24. Rg1 Qd1+ 25. Qe1 Qxb3 26. Qa1 Rh6 27. Rg2 Rff6 0-1

[Event "NED-ch U12 op"]
[Site "Borne"]
[Date "2019.08.05"]
[Round "1"]
[White "Damen, Josephine"]
[Black "Feng, Elysia"]
[Result "0-1"]
[WhiteElo "782"]
[BlackElo "1314"]
[PlyCount "106"]
[EventDate "2019.08.05"]
[EventType "swiss"]
[EventRounds "13"]
[EventCountry "NED"]
[SourceTitle "EXT 2020"]
[Source "ChessBase"]
[SourceDate "2019.10.17"]
[SourceVersion "1"]
[SourceVersionDate "2019.10.17"]
[SourceQuality "1"]

1. e4 e5 2. Nf3 Nc6 3. Bc4 Bc5 4. d3 h6 5. Be3 Bb6 6. Nc3 Nf6 7. 0-0 d6 8. Ne2 Bg4 9. Ng3 0-0 10. c3 Re8 11. d4 exd4 12. cxd4 Nxe4 13. Re1 Nxg3 14. fxg3 Qf6 15. h3 Bxf3 16. Qxf3 Bxd4 17. Qxf6 Bxf6 18. Bd2 Bxb2 19. Rxe8+ Rxe8 20. Rf1 Bf6 21. Bxh6 Re4 22. Bd5 Rd4 23. Bxc6 bxc6 24. Be3 Ra4 25. Rf2 Ra3 26. Re2 c5 27. g4 Ra4 28. Kh2 Re4 29. Kg3 Rc4 30. h4 Rc3 31. Kf4 Rc4+ 32. Kf5 Bxh4 33. g5 Bg3 34. g6 Be5 35. g3 fxg6+ 36. Kxg6 Rg4+ 37. Bg5 Rxg3 38. Re1 Kf8 39. Rf1+ Bf6 40. Kh5 Rxg5+ 41. Kh4 Rf5+ 42. Kg4 Rxf1 43. a3 c4 44. Kg3 Rf5 45. Kg4 g6 46. a4 Ke7 47. a5 Ke6 48. a6 Ke5 49. Kg3 Ke4 50. Kg2 Ke3 51. Kg1 Ke2 52. Kh1 Kf2 53. Kh2 Rh5# 0-1